[Event "Tourn. n7872"]
[Site "www.chess-mail.com"]
[Date "2014.12.21"]
[Round "1"]
[White "Osopanda"]
[Black "Hundegana"]
[WhiteElo "1920"]
[BlackElo "2020"]
[Result "0-1"]
[Round "1"]
1.c4 e5
2.Nb1c3 Bf8b4
3.Nc3d5 Bb4c5
4.e3 c6
5.Nd5c3 a6
6.d4 exd4
7.exd4 Qd8e7
8.Bf1e2 Bc5b4
9.a3 Bb4xc3
10.bxc3 Ng8f6
11.Ng1f3 h6
12.O-O O-O
13.Rf1e1 Qe7d8
14.Be2d3 d6
15.Bc1f4 Bc8g4
16.h3 Bg4xf3
17.Qd1xf3 Rf8e8
18.g4 g5
19.Bf4d2 Nb8d7
20.Qf3f5 Kg7
21.Re1xe8 Qd8xe8
22.Ra1e1 Qe8h8
23.f4 Qh8h7
24.fxg5 hxg5
25.Bd2xg5 Qh7xf5
26.Bd3xf5 Nd7b6
27.Re1b1 Nb6xc4
28.Rb1f1 Nf6d5
29.h4 f6
30.Bg5c1 Nd5xc3
31.Bf5d3 Nc4b6
32.Bc1b2 Nc3d5
33.Bd3f5 Ra8e8
34.h5 Nb6c4
35.Bb2c1 Nd5e3
36.Bc1xe3 Re8xe3
37.Kg2 Re3xa3
38.Rf1b1 b5
39.Bf5d7 c5
40.dxc5 dxc5
41.Rb1f1 Nc4e3
{ resign }
0-1

[Event "Tourn. n7872"]
[Site "www.chess-mail.com"]
[Date "2014.12.21"]
[Round "1"]
[White "Bojan"]
[Black "Osopanda"]
[WhiteElo "2020"]
[BlackElo "1920"]
[Result "0-1"]
[Round "1"]
1.c4 c6
2.Nb1c3 d5
3.cxd5 cxd5
4.Ng1f3 Nb8c6
5.Qd1b3 d4
6.Nc3e4 e5
7.e3 Ng8f6
8.Nf3g5 Qd8c7
9.Ne4xf6 gxf6
10.Ng5e4 Bc8e6
11.Qb3a4 O-O-O
12.d3 Bf8e7
13.Bc1d2 Kb8
14.Ra1c1 Qc7b6
15.Bf1e2 f5
16.Ne4g3 h5
17.Ng3xh5 Be7g5
18.Nh5g7 dxe3
19.fxe3 Rd8g8
20.Ng7xe6 fxe6
21.Rc1xc6 bxc6
22.Qa4c2 Bg5xe3
23.Be2f3 e4
24.dxe4 fxe4
25.Bf3xe4 Be3f2
26.Ke2 Bf2c5
27.h3 Qb6b5
28.Kd1 Rg8d8
29.Rh1e1 Rd8d6
30.Kc1 Rd6d4
31.Bd2e3 Rd4c4
32.Be3f4 Kb7
33.Be4xc6 Kxc6
{ resign }
0-1

[Event "Tourn. n7879"]
[Site "www.chess-mail.com"]
[Date "2014.12.21"]
[Round "1"]
[White "Fanny33"]
[Black "Manolinex"]
[WhiteElo "2680"]
[BlackElo "2710"]
[Result "1/2-1/2"]
[Round "1"]
1.f4 Ng8f6
2.Ng1f3 d5
3.g3 b6
4.Bf1g2 Bc8b7
5.O-O c5
6.d3 g6
7.e4 dxe4
8.Nf3e5 Qd8c8
9.dxe4 Nf6xe4
10.Ne5c4 Nb8d7
11.Bg2xe4 Bb7xe4
12.Rf1e1 f5
13.Nb1c3 Nd7f6
14.Qd1e2 Bf8g7
15.Nc4d2 Qc8b7
16.Nd2xe4 fxe4
17.Nc3xe4 Nf6xe4
18.Qe2xe4 Qb7xe4
19.Re1xe4 Ra8d8
20.Re4e1 Kf7
21.c3 Rd8d3
22.Bc1e3 Rh8d8
23.Kg2 Rd8d7
24.Re1e2 Rd3d5
25.Kf3 e5
26.g4 { draw }
1/2-1/2

[Event "Tourn. n7866"]
[Site "www.chess-mail.com"]
[Date "2014.12.21"]
[Round "1"]
[White "Anja"]
[Black "Llcervello"]
[WhiteElo "1840"]
[BlackElo "1770"]
[Result "1-0"]
[Round "1"]
1.e4 e5
2.Ng1f3 d6
3.d4 Nb8c6
4.dxe5 dxe5
5.Bf1b5 Bc8d7
6.Nb1c3 Bf8d6
7.O-O Ng8f6
8.Bc1g5 O-O
9.Nc3d5 h6
10.Nd5xf6 gxf6
11.Bg5xh6 Rf8e8
12.Nf3h4 Kh8
13.Qd1h5 Kg8
14.Bb5xc6 bxc6
15.Nh4f5 Bd7xf5
16.exf5 Bd6f8
17.Qh5g4 Kh8
18.Bh6xf8 Re8xf8
19.Ra1d1 Qd8c8
20.Rd1d3 Qc8xf5
21.Rd3h3 Qf5h7
22.Rh3xh7 Kxh7
23.Rf1e1 Rf8g8
24.Qg4d7 Rg8g7
25.Qd7xc7 a5
26.Qc7xc6 a4
27.Qc6xf6 Ra8e8
28.Re1xe5 Re8h8
29.Qf6h4 Kg8
30.Re5e8 { resign }
1-0

[Event "Tourn. n7827"]
[Site "www.chess-mail.com"]
[Date "2014.12.21"]
[Round "1"]
[White "Julian"]
[Black "Luban"]
[WhiteElo "1980"]
[BlackElo "2060"]
[Result "0-1"]
[Round "1"]
1.e4 c5
2.Ng1f3 d6
3.Bf1c4 e6
4.c3 Ng8f6
5.Qd1e2 a6
6.d4 cxd4
7.cxd4 b5
8.Bc4b3 Bc8b7
9.Nb1d2 Bf8e7
10.O-O O-O
11.e5 dxe5
12.dxe5 Nf6d5
13.Nd2e4 h6
14.Rf1d1 Nb8d7
15.Ne4d6 Be7xd6
16.exd6 Nd7f6
17.Qe2e5 Qd8b6
18.Nf3d4 Rf8e8
19.Qe5g3 Nf6e4
20.Qg3f3 Ne4xd6
21.Qf3g3 Nd6e4
22.Qg3g4 Nd5f6
23.Qg4e2 Bb7d5
24.Bb3xd5 exd5
25.Bc1e3 Qb6b7
26.Ra1c1 Ra8c8
27.f3 Ne4d6
28.Qe2f2 Nd6c4
29.Be3f4 Nf6h5
30.Bf4g3 Nh5xg3
31.Qf2xg3 Nc4xb2
32.Rc1xc8 Qb7xc8
33.Rd1e1 Re8xe1
34.Qg3xe1 Nb2d3
35.Qe1b1 Qc8c3
36.Nd4e2 Qc3e1
37.Qb1xe1 Nd3xe1
38.Kf2 Ne1d3
39.Ke3 Nd3b4
40.a3 Nb4c2
41.Kd3 Nc2xa3
42.Kd4 Na3c2
43.Kxd5 Nc2e3
44.Kc5 Ne3xg2
45.Kb6 b4
46.Kxa6 b3
47.Ne2c3 Ng2e1
48.f4 Ne1f3
49.h3 Nf3d2
50.Kb5 b2
51.Kc5 b1Q
52.Nc3xb1 Nd2xb1
{ resign }
0-1

[Event "Tourn. n7793"]
[Site "www.chess-mail.com"]
[Date "2014.12.21"]
[Round "1"]
[White "Cardiff"]
[Black "Andychesston"]
[WhiteElo "2080"]
[BlackElo "2010"]
[Result "1-0"]
[Round "1"]
1.e4 e5
2.Ng1f3 d5
3.Nf3xe5 dxe4
4.d4 Bc8e6
5.Bf1c4 Be6xc4
6.Ne5xc4 Ng8f6
7.O-O Bf8d6
8.h3 O-O
9.Nb1c3 Rf8e8
10.Nc3b5 a6
11.Nb5xd6 cxd6
12.Bc1g5 b5
13.Nc4e3 h6
14.Bg5xf6 Qd8xf6
15.c3 Qf6e6
16.d5  { time }
1-0

[Event "Tourn. n7861"]
[Site "www.chess-mail.com"]
[Date "2014.12.21"]
[Round "1"]
[White "Fractal"]
[Black "Vite"]
[WhiteElo "1960"]
[BlackElo "2010"]
[Result "1-0"]
[Round "1"]
1.e4 c6
2.d4 d5
3.exd5 cxd5
4.c4 Ng8f6
5.Nb1c3 Nb8c6
6.Bc1g5 dxc4
7.Ng1f3 e6
8.Bf1xc4 Bf8e7
9.O-O O-O
10.Rf1e1 a6
11.Bc4b3 b5
12.Nc3e4 Nf6xe4
13.Bg5xe7 Qd8xe7
14.Re1xe4 Bc8b7
15.Qd1e2 Ra8d8
16.d5 Nc6a5
17.Re4e3 Na5xb3
18.Re3xb3 Bb7xd5
19.Rb3c3 Bd5c4
20.Qe2e3 Rd8d6
21.b3 Bc4d5
22.Ra1c1 Rf8d8
23.Nf3e5 Bd5a8
24.h3 Qe7f6
25.f4 h6
26.Rc3c8 Ba8b7
27.Rc8c7 Bb7xg2
28.Kxg2 Rd6d2
29.Kh1 Rd2xa2
30.Rc7xf7 Qf6h4
31.Rc1g1 g5
32.fxg5 hxg5
33.Rg1xg5 Kh8
34.Ne5g6 Kg8
35.Ng6xh4 Kh8
36.Qe3e5 { resign }
1-0

[Event "Tourn. n7919"]
[Site "www.chess-mail.com"]
[Date "2014.12.21"]
[Round "1"]
[White "Louis"]
[Black "Fractal"]
[WhiteElo "1860"]
[BlackElo "1980"]
[Result "1-0"]
[Round "1"]
1.e4 d5
2.exd5 Qd8xd5
3.Nb1c3 Qd5d6
4.d4 Ng8f6
5.Ng1f3 c6
6.Nf3e5 Nb8d7
7.Ne5c4 Qd6c7
8.Qd1f3 e6
9.Bc1f4 Qc7d8
10.Nc4d6 Bf8xd6
11.Bf4xd6 Nd7b6
12.Qf3g3 g6
13.Bf1d3 Bc8d7
14.O-O Nb6c8
15.Bd6a3 Nc8e7
16.Qg3e5 Ne7g8
17.Nc3e4 Nf6xe4
18.Qe5xh8 Ne4f6
19.Qh8g7 { resign }
1-0

[Event "Tourn. n7871"]
[Site "www.chess-mail.com"]
[Date "2014.12.21"]
[Round "1"]
[White "Asiamen"]
[Black "Preacher59"]
[WhiteElo "2110"]
[BlackElo "2020"]
[Result "1-0"]
[Round "1"]
1.e4 c5
2.c3 d5
3.exd5 Qd8xd5
4.d4 cxd4
5.cxd4 e6
6.Nb1c3 Bf8b4
7.Bc1e3 Ng8f6
8.Ng1e2 O-O
9.a3 Bb4xc3
10.Ne2xc3 Qd5d8
11.Bf1e2 a6
12.O-O Nb8c6
13.Be2f3 Bc8d7
14.Rf1e1 Qd8c7
15.Ra1c1  { time }
1-0

[Event "Tourn. n7853"]
[Site "www.chess-mail.com"]
[Date "2014.12.21"]
[Round "1"]
[White "Cardiff"]
[Black "Julian"]
[WhiteElo "2070"]
[BlackElo "2040"]
[Result "0-1"]
[Round "1"]
1.d4 d5
2.Ng1f3 Ng8f6
3.c4 c6
4.cxd5 cxd5
5.Nb1c3 Nb8c6
6.g3 g6
7.Bf1g2 Bf8g7
8.Nf3e5 O-O
9.O-O Bc8e6
10.Ne5xc6 bxc6
11.Nc3a4 Be6d7
12.Na4c5 Bd7e8
13.b3 Nf6e4
14.Nc5xe4 dxe4
15.e3 Qd8d5
16.Bc1b2 Ra8d8
17.Ra1c1 Qd5a5
18.a3 c5
19.Qd1c2 cxd4
20.exd4 Bg7xd4
21.b4 Qa5f5
22.Bg2xe4 Qf5f6
23.Bb2xd4 Qf6xd4
24.Rf1d1 Qd4b6
25.Be4f3 Be8b5
26.Qc2c5 Rd8xd1
27.Bf3xd1 Qb6a6
28.Qc5xe7 Bb5f1
29.Bd1g4 Bf1b5
30.h4 h5
31.Bg4f3 Rf8e8
32.Qe7g5 Bb5d7
33.Bf3xh5 Bd7f5
34.Bh5f3 Qa6xa3
35.h5 Qa3xf3
36.h6 Bf5e4
{ resign }
0-1

[Event "Tourn. n7909"]
[Site "www.chess-mail.com"]
[Date "2014.12.21"]
[Round "1"]
[White "Senitram"]
[Black "Pgcbies"]
[WhiteElo "2550"]
[BlackElo "2730"]
[Result "1/2-1/2"]
[Round "1"]
1.Ng1f3 Ng8f6
2.d4 d5
3.c4 e6
4.Nb1c3 Bf8e7
5.Bc1f4 O-O
6.e3 Nb8d7
7.Qd1c2 c5
8.dxc5 Nd7xc5
9.Bf1e2 b6
10.O-O Bc8b7
11.Rf1d1 Ra8c8
12.Ra1c1 Nc5e4
13.Nc3b5 a6
14.Nb5a7 Rc8a8
15.cxd5 Ra8xa7
16.dxe6 Qd8a8
17.exf7 Kh8
18.Nf3d4 Bb7d5
19.Nd4c6 Bd5xc6
20.Qc2xc6 Be7c5
21.Qc6xa8 Ra7xa8
{ draw }
1/2-1/2

[Event "Tourn. n7811"]
[Site "www.chess-mail.com"]
[Date "2014.12.21"]
[Round "1"]
[White "Falcoale"]
[Black "Bigrezi"]
[WhiteElo "1910"]
[BlackElo "1900"]
[Result "0-1"]
[Round "1"]
1.e4 c5
2.Ng1f3 d6
3.d4 cxd4
4.Nf3xd4 Ng8f6
5.Nb1c3 a6
6.Bf1d3 g6
7.O-O Bf8g7
8.Nd4b3 O-O
9.Bc1g5 Nb8c6
10.f4 Nf6d7
11.Qd1d2 Qd8b6
12.Kh1 Nd7c5
13.Nc3d5 Qb6a7
14.Ra1b1 b5
15.Nd5xe7 Nc6xe7
16.Bg5xe7 Qa7xe7
17.Nb3xc5 dxc5
18.Rb1e1 c4
19.Bd3e2 Bg7xb2
20.f5 Bb2h8
21.Be2f3 Bc8b7
22.Qd2f4 Bh8e5
23.Qf4c1 Ra8d8
24.Re1d1 Be5d6
25.Rd1e1 Bd6c5
26.e5 Bb7xf3
27.f6 Bf3xg2
28.Kxg2 Qe7b7
29.Rf1f3 Rd8d4
30.Qc1h6 Rd4g4
{ resign }
0-1

[Event "Tourn. n7899"]
[Site "www.chess-mail.com"]
[Date "2014.12.21"]
[Round "1"]
[White "Falcoale"]
[Black "Luban"]
[WhiteElo "2060"]
[BlackElo "2120"]
[Result "0-1"]
[Round "1"]
1.e4 c5
2.Ng1f3 d6
3.d4 cxd4
4.Nf3xd4 Ng8f6
5.Nb1c3 a6
6.Bf1d3 e6
7.Bc1g5 Bf8e7
8.Nd4f3 Nb8c6
9.a3 h6
10.Bg5h4 O-O
11.Qd1d2 b5
12.O-O-O Bc8b7
13.g4 Nf6xg4
14.Bh4xe7 Qd8xe7
15.Rd1g1 f5
16.exf5 exf5
17.Nc3d5 Qe7f7
18.Nd5c3 Kh8
19.Rg1g3 Nc6e5
20.Nf3xe5 dxe5
21.f3 Ra8d8
22.h3 Ng4f6
23.Rh1g1 Nf6h5
24.Rg3g6 Bb7xf3
25.Qd2e1 e4
26.Bd3e2 Bf3xe2
27.Qe1xe2 Nh5f4
28.Qe2f1 Nf4xg6
{ resign }
0-1

[Event "Tourn. n7882"]
[Site "www.chess-mail.com"]
[Date "2014.12.21"]
[Round "1"]
[White "Generalfree"]
[Black "Anja"]
[WhiteElo "1870"]
[BlackElo "1870"]
[Result "0-1"]
[Round "1"]
1.e4 Ng8f6
2.e5 Nf6d5
3.c4 Nd5b6
4.a4 a5
5.Nb1c3 d6
6.exd6 exd6
7.g3 Bf8e7
8.h4 Nb8c6
9.b3 Bc8f5
10.g4 Bf5e6
11.d4 Be7f6
12.Ng1f3 Be6xg4
13.Ra1b1 Nc6xd4
14.Bf1g2 Nd4xf3
15.Bg2xf3 Bf6xc3
{ resign }
0-1

[Event "Tourn. n7830"]
[Site "www.chess-mail.com"]
[Date "2014.12.21"]
[Round "1"]
[White "Andychesston"]
[Black "Luban"]
[WhiteElo "1860"]
[BlackElo "2090"]
[Result "0-1"]
[Round "1"]
1.e4 c5
2.Ng1f3 d6
3.d4 cxd4
4.Nf3xd4 Ng8f6
5.Nb1c3 a6
6.Bf1e2 e6
7.O-O Bf8e7
8.Nd4f3 Nb8c6
9.Bc1e3 b5
10.Be3f4 Bc8b7
11.a3 O-O
 { time }
0-1

[Event "Match"]
[Site "www.echecsemail.com"]
[Date "2014.12.21"]
[Round "1"]
[White "Muller42"]
[Black "Hundegana"]
[WhiteElo "1809"]
[BlackElo "1930"]
[Result "1-0"]
[Round "1"]
1.e4 e5
2.Ng1f3 d6
3.Bf1c4 Qd8e7
4.O-O Bc8e6
5.Bc4xe6 Qe7xe6
6.d4 exd4
7.Nf3xd4 Qe6d7
8.Nb1c3 a6
9.Rf1e1 Bf8e7
10.Bc1f4 g5
11.e5 gxf4
12.e6 fxe6
13.Nd4xe6 Ng8f6
14.Nc3d5 Nf6xd5
15.Qd1h5 { resign }
1-0

[Event "Match"]
[Site "www.echecsemail.com"]
[Date "2014.12.21"]
[Round "1"]
[White "Apdash"]
[Black "Chapi"]
[WhiteElo "2130"]
[BlackElo "1980"]
[Result "0-1"]
[Round "1"]
1.e4 c5
2.c3 Nb8c6
3.d4 d5
4.dxc5 Ng8f6
5.exd5 Qd8xd5
6.Bc1e3 Qd5xd1
7.Kxd1 Nf6g4
8.Be3c1 Ng4xf2
9.Ke2 Nf2xh1
10.g3 e5
11.Bf1g2 Nh1xg3
12.hxg3 Bf8xc5
13.Bc1e3 Bc5xe3
14.Bg2xc6 bxc6
15.Kxe3 O-O
16.Ng1f3 f6
17.Nb1d2 Bc8g4
18.Nf3h2 h5
19.Nd2c4 Ra8e8
20.Nc4a5 Re8e6
21.Ra1d1 Bg4xd1
22.Na5b7 f5
23.Nb7c5 f4
24.Kd2 Re6d6
{ resign }
0-1

[Event "Match"]
[Site "www.echecsemail.com"]
[Date "2014.12.21"]
[Round "1"]
[White "Ostapbender"]
[Black "Jpmartinez"]
[WhiteElo "2700"]
[BlackElo "2560"]
[Result "1-0"]
[Round "1"]
1.e4 e6
2.d4 d5
3.e5 c5
4.c3 Nb8c6
5.Ng1f3 Bc8d7
6.Bf1e2 Ng8e7
7.Nb1a3 cxd4
8.cxd4 Ne7g6
9.Na3c2 Bf8e7
10.O-O O-O
11.g3 f6
12.exf6 Be7xf6
13.Bc1d2 e5
14.dxe5 Ng6xe5
15.Nf3xe5 Bf6xe5
16.Bd2c3 Bd7h3
17.Rf1e1 Be5xc3
18.bxc3 Qd8d6
19.Ra1b1 b6
20.Be2f3 Ra8d8
21.Nc2b4 Kh8
22.Nb4xc6 Qd6xc6
23.Re1e3 h6
24.Rb1b4 Rf8e8
25.Rb4h4 Re8xe3
26.fxe3 Bh3f5
27.Rh4f4 Bf5g6
28.Qd1d2 Qc6c5
29.Kf2 Kh7
30.h4 Rd8d6
31.Qd2d4 Qc5xd4
32.Rf4xd4 Rd6c6
33.Bf3xd5 Rc6xc3
34.Kf3 Bg6e8
35.g4 Be8c6
36.Bd5xc6 Rc3xc6
37.h5 Rc6c5
38.e4 Rc5a5
39.a4 Kg8
40.Kf4 Kf7
41.e5 Ke6
42.Rd4d6 Ke7
43.Kf5 Ra5c5
44.Rd6g6 Kf7
45.Ke4 Rc5c4
46.Kd5 Rc4xa4
47.Rg6c6 Ra4xg4
48.Rc6c7 Kf8
49.Kd6 Rg4d4
50.Ke6 Rd4d8
51.Rc7f7 Kg8
52.Ke7 { resign }
1-0

[Event "Match"]
[Site "www.echecsemail.com"]
[Date "2014.12.21"]
[Round "1"]
[White "Generalfree"]
[Black "Zazi"]
[WhiteElo "1780"]
[BlackElo "1510"]
[Result "1-0"]
[Round "1"]
1.e4 e5
2.Ng1f3 Nb8c6
3.Bf1c4 f6
4.d3 g5
5.g4 d6
6.c3 h5
7.gxh5 Rh8xh5
8.Bc4xg8 Rh5h3
9.Qd1b3 Qd8e7
10.Nb1d2 Qe7g7
11.Bg8d5 Bc8g4
12.Nf3g1 Rh3h5
13.f3 Bg4d7
14.Qb3xb7 Ra8b8
15.Qb7xc7 Rb8b6
16.Nd2c4 Rb6b5
17.Nc4xd6 Bf8xd6
18.Qc7xd6 Rb5b6
19.Bd5xc6 Rb6xc6
20.Qd6b8 Ke7
21.Qb8xa7 g4
22.Bc1e3 g3
23.Be3c5 Kd8
24.h3 g2
25.Rh1h2 Qg7g3
26.Bc5f2 Qg3xh2
27.O-O-O Bd7xh3
28.Bf2b6 Kc8
29.Qa7a8 Kd7
30.Qa8d8 Ke6
31.Qd8e8 Kd6
32.Qe8xh5 Qh2f4
33.Kc2 Bh3d7
34.Bb6f2 Rc6a6
35.a3 Bd7a4
36.b3 Ba4d7
37.Kb2 Ra6a8
38.d4 exd4
39.Bf2xd4 Ke6
40.Qh5d5 Ke7
41.Qd5xa8 f5
42.Bd4c5 Kf6
43.Rd1xd7 Qf4h2
44.Qa8c6 Kg5
45.Rd7g7 Kf4
46.Qc6d6 
1-0

[Event "Match"]
[Site "www.echecsemail.com"]
[Date "2014.12.21"]
[Round "1"]
[White "Apdash"]
[Black "Joseph1983"]
[WhiteElo "2150"]
[BlackElo "2190"]
[Result "1/2-1/2"]
[Round "1"]
1.d4 Ng8f6
2.c3 d5
3.Qd1c2 g6
4.Nb1d2 Bf8g7
5.e4 dxe4
6.Nd2xe4 Nb8d7
7.Ne4xf6 Nd7xf6
8.Ng1f3 Bc8f5
9.Qc2b3 Qd8c8
10.Bf1c4 O-O
11.O-O Nf6e4
12.Nf3g5 Ne4d6
13.Bc4e2 h6
14.Ng5f3 c5
15.dxc5 Qc8xc5
16.Bc1e3 Qc5a5
17.Nf3d4 Bf5d7
18.Rf1d1 Rf8d8
19.Qb3c2 Nd6f5
20.b4 Nf5xe3
21.fxe3 Qa5b6
22.Be2c4 e5
23.Nd4f3 Qb6xe3
24.Kh1 Bd7f5
25.Qc2b3 Bf5g4
26.Rd1e1 Qe3f4
27.Bc4d5 Rd8d7
28.Re1f1 Qf4f6
29.Ra1e1 Qf6d6
30.Re1d1 Qd6c7
31.h3 Bg4xf3
32.Rf1xf3 Ra8d8
33.Bd5xf7 Kh7
34.Rd1xd7 Qc7xd7
35.Bf7c4 Qd7d1
36.Rf3f1 Qd1xb3
37.Bc4xb3 Rd8d7
38.Rf1f2 e4
39.c4 Bg7c3
40.Rf2e2 Bc3xb4
{ draw }
1/2-1/2

[Event "Match"]
[Site "www.echecsemail.com"]
[Date "2014.12.21"]
[Round "1"]
[White "Joseph1983"]
[Black "Apoorva"]
[WhiteElo "2170"]
[BlackElo "2130"]
[Result "1-0"]
[Round "1"]
1.d4 d5
2.c4 e6
3.Nb1c3 Ng8f6
4.Bc1g5 Bf8e7
5.e3 c6
6.Ng1f3 Nb8d7
7.Ra1c1 O-O
8.Bf1d3 dxc4
9.Bd3xc4 Nf6d5
10.Bg5xe7 Qd8xe7
11.e4 Nd5xc3
12.Rc1xc3 Nd7f6
13.Bc4d3 Bc8d7
14.O-O h6
15.Qd1e2 Ra8c8
16.Rf1c1 Nf6h7
17.e5 f5
18.exf6 Rf8xf6
19.Qe2e4 Nh7f8
20.Nf3e5 Bd7e8
21.Bd3b1 Nf8g6
22.Rc3g3 Ng6f8
23.Rc1c3 c5
24.Qe4h4 Rc8c7
25.Ne5g4 Kh8
26.Ng4xf6 Qe7xf6
27.Qh4xf6 gxf6
28.dxc5 f5
29.b4 a5
30.a3 axb4
31.axb4 Nf8g6
32.Rg3e3 Be8f7
33.g3 Ng6e7
34.Bb1a2 Ne7d5
35.Ba2xd5 exd5
36.Re3e5 f4
37.gxf4 Kg7
38.Rc3e3 Kf6
39.Re3d3 Bf7e6
40.Kg2 Rc7g7
41.Kf3 Rg7g1
42.Re5xd5 Be6xd5
43.Rd3xd5 Rg1b1
44.Rd5d6 Kf5
45.Rd6b6 Rb1b3
46.Kg2 Kxf4
47.Rb6xb7 h5
48.c6 h4
49.h3 Ke5
50.c7 Rb3c3
51.b5 Kd6
52.b6 Kd7
53.Rb7b8 Rc3c6
54.c8Q Rc6xc8
55.Rb8xc8 Kxc8
56.Kf3 Kb7
57.Kg4 Kxb6
58.Kxh4 Kc6
59.Kg5 Kd6
60.f4 Ke6
61.Kg6 Ke7
62.f5 Kf8
63.Kf6 Kg8
64.Ke7 { resign }
1-0

[Event "Match"]
[Site "www.echecsemail.com"]
[Date "2014.12.21"]
[Round "1"]
[White "Caspito"]
[Black "Generalfree"]
[WhiteElo "1880"]
[BlackElo "1750"]
[Result "0-1"]
[Round "1"]
1.e4 e5
2.Ng1f3 Nb8c6
3.Bf1c4 Ng8f6
4.Nf3g5 d5
5.exd5 Nc6a5
6.d3 h6
7.Ng5xf7 Kxf7
8.O-O Na5xc4
9.dxc4 a5
10.Nb1c3 Bc8g4
11.Nc3e2 Bg4xe2
12.Qd1xe2 Bf8d6
13.Bc1e3 b6
14.Qe2f3 g5
15.a3 e4
16.Qf3f5 Qd8d7
17.g4 Qd7xf5
18.gxf5 Nf6g4
19.h3 Ng4xe3
20.fxe3 Ra8g8
21.Kg2 Bd6e5
22.c3 h5
23.Ra1d1 h4
24.Rd1d2 g4
25.Rd2c2 gxh3
26.Kh1 Rg8g3
27.b4 Rh8g8
28.c5 Rg3g2
29.Rc2f2 Be5h2
30.cxb6 cxb6
31.c4 Bh2g1
32.Rf1xg1 Rg2xg1
33.Kh2 Rg1g2
34.Rf2xg2 hxg2
35.Kg1 h3
36.d6 h2
{ resign }
0-1

[Event "Match"]
[Site "www.echecsemail.com"]
[Date "2014.12.21"]
[Round "1"]
[White "Nugun"]
[Black "Odrum1"]
[WhiteElo "999"]
[BlackElo "1430"]
[Result "1-0"]
[Round "1"]
1.e4 c5
2.Ng1f3 d6
3.d4 cxd4
4.Nf3xd4 Ng8f6
5.Nb1c3 e5
6.Bf1b5 Bc8d7
7.Nd4f3 a6
8.Bb5a4 b5
9.Ba4b3 Bd7e6
10.Bb3d5 Be6xd5
11.exd5 Qd8a5
12.O-O Nb8d7
13.a3 Nd7c5
14.b4 Qa5b6
15.bxc5 { resign }
1-0

[Event "Match"]
[Site "www.echecsemail.com"]
[Date "2014.12.21"]
[Round "1"]
[White "Generalfree"]
[Black "Hundegana"]
[WhiteElo "1750"]
[BlackElo "2040"]
[Result "1-0"]
[Round "1"]
1.e4 c5
2.c4 d6
3.h3 Ng8f6
4.Nb1c3 Bc8d7
5.b3 Bd7c6
6.f3 Nb8d7
7.Bc1b2 e5
8.g4 h6
9.h4 Nf6h7
10.Qd1e2 Bf8e7
11.Qe2f2 a6
12.Bf1h3 Nd7b6
13.Bh3g2 Qd8d7
14.Bg2h3 Qd7d8
15.Bh3g2 Qd8c7
16.Ng1e2 a5
17.a4 f6
18.d3 Nb6d7
19.f4 b6
20.f5 O-O-O
21.Nc3b5 Bc6xb5
22.axb5 Kb7
23.O-O Rd8a8
24.Ne2c3 Qc7d8
25.Nc3d5 Be7f8
26.Ra1a3 Qd8e8
27.Rf1a1 g6
28.Bb2c3 h5
29.Qf2a2 hxg4
30.Bc3xa5 bxa5
31.Ra3xa5 Bf8g7
32.Ra5a7 Ra8xa7
33.Qa2xa7 Kc8
34.Qa7c7 
1-0

[Event "Match"]
[Site "www.echecsemail.com"]
[Date "2014.12.21"]
[Round "1"]
[White "Neverless"]
[Black "Joseph1983"]
[WhiteElo "2650"]
[BlackElo "2170"]
[Result "1-0"]
[Round "1"]
1.e4 c5
2.Ng1f3 d6
3.d4 cxd4
4.Nf3xd4 Ng8f6
5.Nb1c3 a6
6.Bc1g5 e6
7.f4 Bf8e7
8.Qd1f3 h6
9.Bg5h4 g5
10.fxg5 Nf6d7
11.Nd4xe6 fxe6
12.Qf3h5 Kf8
13.Bf1b5 Kg7
14.O-O Nd7e5
15.Bh4g3 Ne5g6
16.gxh6 Rh8xh6
17.Rf1f7 Kxf7
18.Qh5xh6 axb5
19.Ra1f1 Ke8
20.Qh6xg6 Kd7
21.Rf1d1 Qd8b6
22.Kh1 Kc6
23.Qg6e8 { resign }
1-0

[Event "1/32 Finale"]
[Site "www.chess-mail.com"]
[Date "2014.12.21"]
[Round "1"]
[White "Veerar"]
[Black "Vega"]
[WhiteElo "2510"]
[BlackElo "2450"]
[Result "0-1"]
[Round "1"]
1.d4 d5
2.c4 dxc4
3.Ng1f3 Ng8f6
4.e3 Bc8e6
5.Nb1c3 h6
6.Nf3e5 c5
7.Qd1a4 Nb8d7
8.dxc5 Qd8c7
9.Ne5xc4 Qc7xc5
10.e4 Be6xc4
11.Bf1xc4 e6
12.Bc4e2 Qc5b4
13.Qa4c2 Bf8c5
14.O-O Ra8c8
15.Qc2d3 Qb4b6
16.Nc3a4 Qb6c6
17.Na4xc5 Nd7xc5
18.Qd3a3 Nf6xe4
19.Bc1e3 O-O
20.Rf1c1 b6
21.Qa3xa7 Ne4f6
22.b4 Rc8a8
23.Qa7e7 Rf8e8
24.Be2f3 Qc6b5
25.Qe7d6 Ra8d8
26.Qd6g3 Nc5e4
27.Qg3c7 Qb5xb4
28.Qc7xb6 Qb4a3
29.Qb6b3 Rd8d3
30.Qb3xa3 Rd3xa3
31.Rc1c2 Re8a8
32.Be3c1 Ra3a4
33.a3 Ra8b8
34.Bc1b2 Nf6d5
35.g3 f5
36.Kg2 Rb8b7
37.Ra1e1 Rb7c7
38.Rc2xc7 Nd5xc7
39.Bf3xe4 fxe4
40.Re1d1 Ra4c4
41.Rd1d8 Kf7
42.Rd8d7 Ke8
43.Rd7xg7 Rc4c2
44.Bb2d4 Nc7d5
45.Kh3 Rc2d2
46.Bd4a7 Rd2a2
47.Rg7g4 e3
48.Ba7xe3 Nd5xe3
49.fxe3 Ra2xa3
50.Rg4g6 Ra3xe3
51.Rg6xh6 Kf7
52.Kg4 Re3e4
53.Kf3 Re4b4
54.g4 Rb4b3
55.Ke2 Rb3b2
56.Kd3 Rb2g2
57.h3 Rg2g3
58.Ke4 Kg7
59.Rh6h5 Rg3a3
60.h4 Ra3a4
61.Kf3 Ra4a3
62.Ke2 Ra3a2
63.Ke3 Ra2a3
64.Kd2 Kg6
65.Rh5e5 Ra3a4
66.Re5g5 Kh6
67.Ke3 e5
68.Kf3 Ra4a3
69.Ke4 Ra3a4
70.Kxe5 Ra4a5
71.Kf6 Ra5a6
72.Kf5 Ra6a5
 { time }
0-1

[Event "1/8 Finale"]
[Site "www.chess-mail.com"]
[Date "2014.12.21"]
[Round "1"]
[White "Senitram"]
[Black "Szustan"]
[WhiteElo "2530"]
[BlackElo "2570"]
[Result "1/2-1/2"]
[Round "1"]
1.Ng1f3 Nb8c6
2.d4 d5
3.c4 dxc4
4.d5 Nc6b8
5.e4 e6
6.Bf1xc4 exd5
7.Bc4xd5 Ng8f6
8.Bd5xf7 Kxf7
9.Qd1xd8 Bf8b4
10.Qd8d2 Bb4xd2
11.Nf3xd2 Nb8c6
12.f3 Bc8e6
13.Nb1c3 a6
14.O-O Rh8d8
15.f4 Kg8
16.h3 Rd8e8
17.b3 Ra8d8
18.Nd2f3 h6
19.Rf1f2 b5
20.e5 b4
21.Nc3a4 Nf6e4
22.Rf2c2 Ne4c3
23.Bc1b2 Nc3xa4
24.bxa4 Nc6a5
25.Nf3d4 Be6d5
26.Rc2xc7 Na5c4
27.Ra1b1 Rd8c8
28.Rc7xc8 Re8xc8
29.Rb1c1 g6
30.Nd4e2 Bd5e6
31.Bb2a1 Kf7
32.g4 Nc4b6
33.a5 Rc8xc1
34.Ne2xc1 Nb6d5
35.Nc1d3 h5
36.f5 gxf5
37.gxh5 Kg7
38.Ba1d4 Kh6
39.Nd3c5 Nd5c7
40.Nc5xe6 Nc7xe6
41.Bd4f2 Kxh5
42.Kg2 Ne6f4
43.Kf3 Nf4xh3
44.e6 Nh3g5
45.Kf4 Ng5xe6
46.Kxf5 Ne6c7
47.Bf2c5 Nc7d5
48.Ke5 Nd5c3
49.Bc5xb4 Nc3xa2
50.Bb4d2 Kg4
51.Kd5 Kf5
52.Kd4 Ke6
53.Kc4 Kd6
54.Kb3 Kc5
55.Kxa2 Kb5
56.Kb3 Kc5
57.Bd2e3 Kb5
58.Be3b6 Kc6
59.Kc4 Kd6
60.Bb6g1 Kc6
61.Bg1e3 Kd6
62.Be3f4 Kc6
63.Bf4g3 Kb7
64.Kd5 Ka8
65.Kc6 Ka7
66.Bg3f2 Ka8
67.Kb6 Kb8
68.Kxa6 Ka8
69.Kb6 { draw }
1/2-1/2

[Event "1/64 Finale"]
[Site "www.chess-mail.com"]
[Date "2014.12.21"]
[Round "1"]
[White "Lundberg"]
[Black "Guidom"]
[WhiteElo "1900"]
[BlackElo "2090"]
[Result "1-0"]
[Round "1"]
1.e4 e5
2.Ng1f3 Nb8c6
3.Bf1b5 a6
4.Bb5a4 Ng8f6
5.O-O d6
6.Rf1e1 Bf8e7
7.c3 O-O
8.h3 Bc8d7
9.d4 b5
10.Ba4c2 Qd8c8
11.Bc1e3 Rf8d8
12.Nb1d2 h6
13.Nd2f1 b4
14.Qd1d2 bxc3
15.bxc3 Ra8b8
16.Ra1b1 Rb8xb1
17.Re1xb1 Nc6a5
18.Qd2c1 Na5c4
19.Rb1b3 Bd7e6
20.Rb3b1 Nc4xe3
21.Nf1xe3 exd4
22.cxd4 d5
23.e5 Nf6d7
24.Bc2d3 c5
25.Ne3f5 Be6xf5
26.Bd3xf5 c4
27.Qc1c3 Qc8c6
28.Nf3e1 Nd7f8
29.Qc3a5 Nf8d7
30.Ne1c2 g6
31.Bf5g4 h5
32.Bg4f3 Rd8b8
33.Rb1xb8 Nd7xb8
34.Nc2e3 Qc6c8
35.Bf3xd5 c3
36.Bd5c4 Nb8d7
37.Qa5d5 Qc8e8
38.Bc4d3 Be7b4
39.Bd3xg6 Nd7b6
40.Qd5b3 a5
41.Bg6xh5 Qe8d7
42.a3 Bb4xa3
43.Qb3xa3 Qd7xd4
44.Qa3e7 Qd4f4
45.g3 { resign }
1-0

[Event "Eq:Clubul Central de Sah-Slap Shot Mates : "]
[Site "www.chess-mail.com"]
[Date "2014.12.21"]
[Round "1"]
[White "Sebolix"]
[Black "Pispindroi"]
[WhiteElo "2700"]
[BlackElo "2680"]
[Result "1/2-1/2"]
[Round "1"]
1.Ng1f3 Ng8f6
2.c4 c5
3.d4 cxd4
4.Nf3xd4 Nb8c6
5.Nb1c3 e6
6.a3 Bf8e7
7.g3 Qd8b6
8.Nd4f3 O-O
9.Bf1g2 Rf8d8
10.O-O d5
11.cxd5 exd5
12.Nc3a4 Qb6a6
13.Bc1e3 Bc8g4
14.Na4c5 Be7xc5
15.Be3xc5 Ra8c8
16.Rf1e1 Nf6e4
17.Ra1c1 Ne4xc5
18.Rc1xc5 Qa6b6
19.Qd1c1 a5
20.h3 Bg4e6
21.Nf3g5 Nc6e7
22.Rc5xc8 Be6xc8
23.Re1d1 h6
24.Ng5f3 Bc8e6
25.e3 Rd8c8
26.Qc1d2 Ne7c6
27.g4 Kf8
28.g5 hxg5
29.Nf3xg5 Rc8d8
30.Qd2c3 Nc6e7
31.Ng5xe6 fxe6
32.Bg2f3 Kf7
33.Bf3g4 g6
34.Rd1d4 e5
35.Rd4d3 e4
36.Rd3d1 Rd8d6
37.Qc3h8 Qb6c5
38.b4 axb4
39.axb4 Qc5xb4
40.Qh8h7 Ke8
41.Qh7g7 Rd6a6
42.Qg7h8 Kf7
43.Bg4d7 Qb4d6
44.Bd7e8 Ke6
45.Qh8f8 { draw }
1/2-1/2

[Event "Eq:Good team-CONFOEDERATIONIS HELVETICAE : "]
[Site "www.chess-mail.com"]
[Date "2014.12.21"]
[Round "1"]
[White "Gallows"]
[Black "Jaroslavpech"]
[WhiteElo "2460"]
[BlackElo "2670"]
[Result "1-0"]
[Round "1"]
1.d4 Ng8f6
2.c4 e6
3.a3 d5
4.Qd1c2 dxc4
5.Qc2xc4 Nb8d7
6.Qc4c2 c5
7.dxc5 Bf8xc5
8.Nb1c3 O-O
9.Ng1f3 Qd8c7
10.Bc1g5 h6
11.Bg5h4 b5
12.Ra1c1 Bc8b7
13.e3 a6
14.Bh4g3 Qc7b6
15.Bf1e2 Ra8c8
16.O-O Nf6h5
17.Nf3g5 hxg5
18.Be2xh5 f5
19.Qc2e2 g4
20.Rf1d1 Nd7f6
21.Bh5g6 Rf8d8
22.Rd1xd8 Rc8xd8
23.Bg3h4 Qb6c6
24.e4 Rd8c8
25.Bh4xf6 gxf6
26.Bg6h5 a5
27.Kh1 Bc5f8
28.Rc1g1 b4
29.axb4 axb4
30.exf5 exf5
31.Nc3d1 Bf8c5
32.Bh5xg4 fxg4
33.Qe2xg4 Kf7
34.Qg4h5 Kg7
35.Qh5g4 Kf7
36.Qg4h5 Kg7
37.Qh5g4 Kf8
38.Qg4h4 Qc6e4
39.Qh4xf6 Ke8
40.Qf6h6 Kd7
41.Qh6g7 Kc6
42.Qg7g3 Kb5
43.Qg3g7 Qe4d5
44.Nd1e3 Rc8g8
45.Qg7h7 Bc5xe3
46.fxe3 Rg8xg2
47.Qh7xb7  { time }
1-0